[Event "UKR-chT 17th"]
[Site "Alushta"]
[Date "2010.05.18"]
[Round "9.3"]
[White "Polivanov, Anatoliy"]
[Black "Smolin, Dmitry"]
[Result "1-0"]
[WhiteElo "2381"]
[BlackElo "2160"]
[PlyCount "59"]
[EventDate "2010.05.13"]
[EventType "team-tourn"]
[EventRounds "11"]
[EventCountry "UKR"]
[SourceTitle "EXT 2019"]
[Source "ChessBase"]
[SourceDate "2018.10.10"]
[SourceVersion "1"]
[SourceVersionDate "2018.10.10"]
[SourceQuality "1"]
[WhiteTeam "Donetsk Adel"]
[BlackTeam "Nikopol Nika-NZF"]
[WhiteTeamCountry "UKR"]
[BlackTeamCountry "UKR"]

1. e4 e6 2. d4 d5 3. e5 c5 4. c3 Nc6 5. Nf3 Qb6 6. Bd3 cxd4 7. cxd4 Bd7 8. 0-0 Nxd4 9. Nbd2 Nxf3+ 10. Nxf3 Bc5 11. a4 a5 12. Ng5 Ne7 13. Qh5 Ng6 14. Nxh7 0-0-0 15. Bxg6 fxg6 16. Qxg6 Qb4 17. Bg5 Rdg8 18. Rac1 Kb8 19. Qf7 Bc6 20. Qxe6 Re8 21. Qg6 Bd4 22. Bf4 Bxb2 23. Rxc6 bxc6 24. g3 Qc3 25. Ng5 Ba3 26. Rb1+ Bb4 27. Rc1 Qd4 28. Qxc6 Rc8 29. e6+ Ka7 30. Qd7+ 1-0

[Event "UKR-chT 17th"]
[Site "Alushta"]
[Date "2010.05.15"]
[Round "4.6"]
[White "Smolin, Dmitry"]
[Black "Mamonova, Yulia"]
[Result "1-0"]
[WhiteElo "2160"]
[BlackElo "2022"]
[PlyCount "61"]
[EventDate "2010.05.13"]
[EventType "team-tourn"]
[EventRounds "11"]
[EventCountry "UKR"]
[SourceTitle "EXT 2019"]
[Source "ChessBase"]
[SourceDate "2018.10.10"]
[SourceVersion "1"]
[SourceVersionDate "2018.10.10"]
[SourceQuality "1"]
[WhiteTeam "Nikopol Nika-NZF"]
[BlackTeam "Simferopol Tavriya"]
[WhiteTeamCountry "UKR"]
[BlackTeamCountry "UKR"]

1. e4 c5 2. Nf3 d6 3. Bb5+ Bd7 4. Bxd7+ Qxd7 5. 0-0 Nc6 6. c3 Nf6 7. Re1 e6 8. d4 cxd4 9. cxd4 d5 10. e5 Ne4 11. Nbd2 Nxd2 12. Bxd2 Be7 13. h4 h6 14. Be3 Rc8 15. a3 0-0 16. b4 b5 17. Nh2 Qd8 18. g3 f5 19. exf6 Bxf6 20. Qg4 e5 21. dxe5 Bxe5 22. Rad1 d4 23. Bxh6 Qf6 24. f4 Qxh6 25. fxe5 Rcd8 26. Qe4 Qe6 27. Rd3 Rf5 28. Nf3 Qg6 29. Kg2 Rdf8 30. e6 Qf6 31. Qxc6 1-0

[Event "Saratov-ch"]
[Site "Saratov"]
[Date "2009.03.05"]
[Round "7"]
[White "Vetryansky, Vladimir"]
[Black "Smolin, Dmitry"]
[Result "1-0"]
[WhiteElo "2114"]
[BlackElo "2122"]
[PlyCount "57"]
[EventDate "2009.02.26"]
[EventType "swiss"]
[EventRounds "9"]
[EventCountry "RUS"]
[SourceTitle "CBM 129 Extra"]
[Source "ChessBase"]
[SourceDate "2009.05.05"]
[SourceVersion "2"]
[SourceVersionDate "2009.05.20"]
[SourceQuality "1"]

1. e4 c6 2. d4 d5 3. exd5 cxd5 4. Bd3 Nf6 5. h3 Nc6 6. Nf3 e6 7. 0-0 Be7 8. Re1 0-0 9. c3 Qc7 10. Nbd2 Rb8 11. Qe2 a6 12. Ne5 b5 13. Ndf3 b4 14. Bf4 Bd6 15. Rac1 Qb6 16. Bg5 Ne7 17. Bxf6 gxf6 18. Ng4 Kg7 19. Qe3 Ng8 20. Nxf6 h6 21. Nh5+ Kh8 22. Ne5 Bxe5 23. Qxe5+ f6 24. Qg3 Rb7 25. Nf4 Ne7 26. Qh4 Rf7 27. Qxh6+ Kg8 28. Re3 Rg7 29. Nh5 1-0

[Event "Saratov-ch"]
[Site "Saratov"]
[Date "2009.03.02"]
[Round "4"]
[White "Smolin, Dmitry"]
[Black "Popov, Roman"]
[Result "0-1"]
[WhiteElo "2122"]
[BlackElo "2340"]
[PlyCount "74"]
[EventDate "2009.02.26"]
[EventType "swiss"]
[EventRounds "9"]
[EventCountry "RUS"]
[SourceTitle "CBM 129 Extra"]
[Source "ChessBase"]
[SourceDate "2009.05.05"]
[SourceVersion "2"]
[SourceVersionDate "2009.05.20"]
[SourceQuality "1"]

1. d4 d5 2. c4 e6 3. Nc3 c6 4. e3 Nf6 5. Nf3 Nbd7 6. Qc2 Bd6 7. Be2 0-0 8. 0-0 b6 9. Rd1 Bb7 10. e4 Nxe4 11. Nxe4 dxe4 12. Qxe4 Qe7 13. Bg5 f6 14. Bd3 g6 15. Bd2 Rab8 16. Re1 Rfe8 17. Qe2 c5 18. Bc3 Rbd8 19. Rad1 cxd4 20. Nxd4 Nc5 21. Bc2 e5 22. Nb5 Bb8 23. b4 Ne6 24. Be4 a6 25. Na3 Nf4 26. Qf3 Bxe4 27. Qxe4 f5 28. Qc6 Ne2+ 29. Rxe2 Rxd1+ 30. Be1 Qe6 31. Qa4 Red8 32. Qxa6 e4 33. g3 Qd6 34. Nc2 Qd3 35. Kf1 Qf3 36. Re3 Qh1+ 37. Ke2 R8d2+ 0-1

[Event "UKR-chT 14th"]
[Site "Alushta"]
[Date "2007.04.26"]
[Round "6.3"]
[White "Rakhmangulov, Andrei"]
[Black "Smolin, Dmitry"]
[Result "1/2-1/2"]
[WhiteElo "2299"]
[BlackElo "2161"]
[PlyCount "131"]
[EventDate "2007.04.22"]
[EventType "team-tourn"]
[EventRounds "9"]
[EventCountry "UKR"]
[SourceTitle "EXT 2019"]
[Source "ChessBase"]
[SourceDate "2018.10.10"]
[SourceVersion "1"]
[SourceVersionDate "2018.10.10"]
[SourceQuality "1"]
[WhiteTeam "Simferopol Crimean Engin and Pedagog"]
[BlackTeam "Nikopol Nika-NZF"]
[WhiteTeamCountry "UKR"]
[BlackTeamCountry "UKR"]

1. d4 c5 2. d5 d6 3. e4 Nf6 4. Nc3 g6 5. Be2 Bg7 6. Nf3 0-0 7. 0-0 Bg4 8. Nd2 Bxe2 9. Qxe2 Na6 10. Nc4 Nc7 11. a4 b6 12. Rd1 Rb8 13. e5 Nfe8 14. Bf4 Qd7 15. h3 Rd8 16. Rd2 Qf5 17. Qe3 Qc8 18. Rad1 Qa6 19. Na3 dxe5 20. Bxe5 Rd7 21. Bxg7 Nxg7 22. g4 Rfd8 23. Qe4 Nge8 24. Nab5 Nxb5 25. axb5 Qb7 26. Qf4 Rd6 27. Re1 Nf6 28. Rde2 R8d7 29. Qh6 Qc7 30. Re5 Qd8 31. Qe3 Kf8 32. b3 Qc7 33. Kf1 Qd8 34. f3 Rc7 35. Qh6+ Kg8 36. Qe3 Kf8 37. Qh6+ Kg8 38. h4 Nxd5 39. Ne4 f6 40. Nxd6 fxe5 41. Nc4 e6 42. Nxe5 Qf6 43. Qg5 Qxg5 44. hxg5 Nc3 45. Nc4 Kf7 46. Na3 Rd7 47. Kf2 Rd2+ 48. Ke3 Rh2 49. Kd3 Nd5 50. c3 Rf2 51. Ke4 Nxc3+ 52. Ke3 Rb2 53. Nc4 Nd5+ 54. Ke4 Rxb3 55. Ra1 Nc3+ 56. Ke5 Nxb5 57. Nd6+ Nxd6 58. Rxa7+ Kg8 59. Kxd6 Rxf3 60. Rb7 c4 61. Rxb6 Rf8 62. Rc6 Rf4 63. Rc8+ Kg7 64. Rc7+ Kg8 65. Rc8+ Kg7 66. Rc7+ 1/2-1/2

[Event "UKR-chT 14th"]
[Site "Alushta"]
[Date "2007.04.22"]
[Round "1.3"]
[White "Smolin, Dmitry"]
[Black "Baklan, Vladimir"]
[Result "0-1"]
[WhiteElo "2161"]
[BlackElo "2618"]
[PlyCount "58"]
[EventDate "2007.04.22"]
[EventType "team-tourn"]
[EventRounds "9"]
[EventCountry "UKR"]
[SourceTitle "EXT 2019"]
[Source "ChessBase"]
[SourceDate "2018.10.10"]
[SourceVersion "1"]
[SourceVersionDate "2018.10.10"]
[SourceQuality "1"]
[WhiteTeam "Nikopol Nika-NZF"]
[BlackTeam "Kiev Keystone"]
[WhiteTeamCountry "UKR"]
[BlackTeamCountry "UKR"]

1. e4 c5 2. Nf3 d6 3. Bb5+ Bd7 4. Bxd7+ Nxd7 5. 0-0 Ngf6 6. Re1 Rc8 7. d4 cxd4 8. Nxd4 g6 9. c3 Bg7 10. Nd2 0-0 11. N2b3 a6 12. f3 Nb6 13. Bg5 Nc4 14. Rb1 b5 15. Nd2 Nb6 16. Nf1 Qc7 17. Qb3 Nc4 18. Bh4 Nd7 19. Rbd1 Nc5 20. Qc2 Na4 21. b3 Na3 22. Qc1 Qxc3 23. Qxa3 Bxd4+ 24. Kh1 Nb2 25. Rb1 Nd3 26. Red1 Rc6 27. Be1 Qc2 28. Qa5 Bc3 29. Ne3 Qxd1 0-1